00350nam a2200109Ia 4500008004100000082002000041100002500061245001200086260004100098630001800139650008300157211109s9999||||xx |||||||||||||| ||und|| a894.8123bPUN-C aPunnasserry, Ragavan 0aChaaram bCurrent BooksaKottayam Bn 795c1978 xgeneral stack aMalayalam LIteraturevNalayalam FictioxMalayalam NovelsShort StoriesGeneralia